000 00319nam a22001217a 4500
040 _cHS
082 _a338
100 _aវុន វ៉ារី
245 _aសៀវភៅមេរៀនប្រព័ន្ធកសិកម្ម
260 _aRUA
_bវុន វ៉ារី
_c2011
300 _a50p.
942 _cKB
999 _c8693
_d8693